<?xml version="1.0" encoding="UTF-8"?>
<marc:record xmlns:marc="http://www.loc.gov/MARC21/slim">
   <marc:leader>00000nam a2200000 a 4500</marc:leader>
   <marc:datafield ind1="1" ind2=" " tag="100">
      <marc:subfield code="a">Fortune, Carley</marc:subfield>
      <marc:subfield code="4">aut</marc:subfield>
      <marc:subfield code="e">Verfasser/-in</marc:subfield>
   </marc:datafield>
   <marc:datafield ind1="0" ind2="0" tag="245">
      <marc:subfield code="a">Der Sturm zwischen uns</marc:subfield>
   </marc:datafield>
   <marc:datafield ind1="0" ind2="0" tag="245">
      <marc:subfield code="b">Roman - Our Perfect Storm. Sommerlich, mitreißend, unwiderstehlich. Das neue Romance-Highlight der internationalen Bestsellerautorin</marc:subfield>
   </marc:datafield>
   <marc:datafield ind1=" " ind2="1" tag="264">
      <marc:subfield code="b">Penguin</marc:subfield>
      <marc:subfield code="c">2026</marc:subfield>
   </marc:datafield>
   <marc:datafield ind1="1" ind2=" " tag="520">
      <marc:subfield code="a">Frankies Leben könnte kaum schöner sein: Ihr Hochzeitswochenende im Kreis ihrer Liebsten steht kurz bevor. Doch dem Glück folgt die bittere Realität, als sie noch vor dem Jawort von ihrem Verlobten verlassen wird. Mit gebrochenem Herzen kehrt Frankie zum Haus ihrer Familie zurück, um sich in ihrem Elend zu suhlen - doch sie hat die Rechnung ohne ihren besten Freund George gemacht. Er möchte, dass Frankie in die Flitterwochen nach Vancouver Island fährt. Mit ihm. Eine Woche lang, im üppigen Regenwald und an den nebligen Stränden von Tofino. Frankie durchschaut Georges wahren Plan sofort. Das soll kein erholsamer Urlaub werden, sondern die letzte Chance, ihre Freundschaft zu retten. Auch wenn es bedeutet, Geheimnisse und unausgesprochene Gefühle ans Licht zu bringen. Und auch, wenn es bedeutet, sich endlich näherzukommen oder endgültig getrennte Wege zu gehen ... (Verlagstext)</marc:subfield>
   </marc:datafield>
   <marc:datafield ind1=" " ind2=" " tag="020">
      <marc:subfield code="a">9783328114598</marc:subfield>
      <marc:subfield code="9">9783328114598</marc:subfield>
   </marc:datafield>
</marc:record>
